000
00318nam a22001217a 4500
008
240615b |||||||| |||| 00| 0 eng d
020
_a
81-203-2058-1
100
_a
Ramakant A Gayakwad
245
_a
OP AMPS & Linear Integrated Circuits
260
_a
New Delhi
_b
Prentice Hall
_c
2003
300
_a
542
942
_2
ddc
_c
BK
999
_c
20722
_d
20722